| 000 | 01027naa a22002777a 4500 | ||
|---|---|---|---|
| 001 | BR6100354 | ||
| 003 | BR-BrBNA | ||
| 005 | 20240918173232.0 | ||
| 007 | ta | ||
| 008 | 230509b bl.||||| |||| 00| 0 por d | ||
| 040 |
_aBR-BrBNA _bpor _cBiblioteca Nacional de Agricultura |
||
| 041 | _a(Pt) | ||
| 072 |
_aF30 _b3240 _bG302 |
||
| 090 | _aF30 BR6100354 | ||
| 100 | 1 | _aGuimaraes, R.F. | |
| 111 | 1 |
_a2. Conferencia Mundial do Eucalipto _cSao Paulo, SP (Brazil) _d13-28 Aug 1961 |
|
| 245 | 1 | _aGenetica do eucalipto (America Latina). Melhoramento das especies economicas | |
| 260 | 3 |
_aRome (Italy): _c1961. |
|
| 500 | _a2. Conferencia Mundial do Eucalipto. Relatorio e documentos. v. 1 Rome (Italy): 1961. p. 305-317 (BR6100354-AM)F30 | ||
| 650 | _aEUCALIPTO | ||
| 650 | _aMELHORAMENTO GENETICO VEGETAL | ||
| 650 | _aLINHAGEM | ||
| 773 | 0 |
_t2. Conferencia Mundial do Eucalipto. Relatorio e documentos. v. 1 _wF30 BR6100354 _gRome (Italy), 1961. p. 305-317 |
|
| 909 |
_a202404 _bLucia _c55 _dLucia Elande |
||
| 942 |
_cAM _2AGRIS |
||
| 999 |
_c303518 _d303518 |
||